| 000 | 00845cam a2200265 a 4500 | ||
|---|---|---|---|
| 008 | |||
| 020 | _a0863411746 (pbk.) | ||
| 049 | _aMAIN | ||
| 090 |
_aQC321 _bDAV |
||
| 100 | 1 | _aDavies, John. | |
| 245 | 1 | 0 |
_aConduction and induction heating / _cE.J. Davies. |
| 260 |
_aLondon. : _bP. Peregrinus on behalf of the Institution of Electrical Engineers, _cc1990. |
||
| 300 |
_axxiii, 391 p. : _bill. ; _c24 cm. |
||
| 440 | 0 |
_aIEE power engineering series ; _v11 |
|
| 504 | _aIncludes bibliographical references. | ||
| 500 | _aIncludes index. | ||
| 650 | 0 | _aResistance heating. | |
| 650 | 0 | _aInduction heating. | |
| 710 | 2 | _aInstitution of Electrical Engineers. | |
| 907 |
_a.b10006643 _b24-04-12 _c17-04-03 |
||
| 003 | |||
| 005 | 20230123134111.0 | ||
| 040 | _cNUST | ||
| 942 |
_cBOOKS _kQC321 _mDAV |
||
| 999 |
_c160056 _d160056 |
||